| 000 | 00878nam a2200289Ia 4500 | ||
|---|---|---|---|
| 003 | GCL | ||
| 008 | 140319s9999 xx 000 0 ara d | ||
| 040 |
_aGCL / _cGCL |
||
| 082 | 0 | 4 |
_aق _b916.62 _bح ر |
| 100 | 1 | _aحسين كفافى | |
| 245 | 1 | 0 |
_aرؤية عصرية لخريطة مصر / _cحسين كفافى |
| 260 |
_a[S.N] : _bالهيئة المصرية العامة للكتاب ، _c1990 |
||
| 300 | _a243 ص | ||
| 490 | _a | ||
| 650 | 0 | 4 | _aمصر |
| 650 | 0 | 4 | _aالاحوال الاجتماعية |
| 650 | 0 | 4 | _aالاحوال الاقتصادية |
| 650 | 0 | 4 | _aالنيل |
| 650 | 0 | 4 | _aالمدن |
| 650 | 0 | 4 | _aالمساجد |
| 650 | 0 | 4 | _aالمساكن |
| 650 | 0 | 4 | _aالجغرافيا السياسية |
| 650 | 0 | 4 | _aالمجتمعات الحضارية |
| 650 | 0 | 4 | _aالمدن الصناعية |
| 650 | 0 | 4 | _aالقاهرة |
| 942 |
_2ddc _cBK |
||
| 999 |
_c30944 _d30944 |
||